000 02282cam a2200349 a 4500
003 EG-GiCUC
005 20250223031719.0
008 170502s2016 ua h f m 000 0 eng d
040 _aEG-GiCUC
_beng
_cEG-GiCUC
041 0 _aeng
049 _aDeposite
097 _aM.Sc
099 _aCai01.11.28.M.Sc.2016.An.I
100 0 _aAndrew Nasif Tous Abdallah
245 1 0 _aIntima media thickness as an early predictor of atherosclerosis in Egyptian children with familial mediterranean fever /
_cAndrew Nasif Tous Abdallah ; Supervised Samia Salah Eldin Mahmoud , Nagwa Abdallah Ismail , Yomna Mohamed Farag
246 1 5 _aسُمك بطانه الطبقة الوسطى من الوعاء الدموى كمتنبىء مبكر لتصلب الشرايين فى الأطفال المصريين المصابين بحمى البحر المتوسط
260 _aCairo :
_bAndrew Nasif Tous Abdallah ,
_c2016
300 _a84 P. :
_bfacsimiles ;
_c25cm
502 _aThesis (M.Sc.) - Cairo University - Faculty of Medicine - Department of Pediatrics
520 _aThis study is a case control study, its aim is to determine whether the carotid arterial wall thickness is a predictor of early atherosclerosis in FMFpatients compared to healthy controls. The study included 45 familial mediterranean fever patients as the cases group and 45 healthy children as the controls group. The study showed that the mean of the carotid intima media thickness is higher in the cases group (0.05) than the control group (0.04) with statistical significant difference. No correlation was found between CIMT and markers of subclinical inflammation as SAA,ESR and CRP.CIMT didn{u2019}t correlate with lipid profile. So carotid intima media thickness may be used as a tool in the prediction of any atherosclerotic burden in children with FMF
530 _aIssued also as CD
653 4 _aCarotid intima media thickness
653 4 _aFamilial mediterranean fever
653 4 _aSubclinical inflammation
700 0 _aNagwa Abdallah Ismail ,
_eSupervisor
700 0 _aSamia Salah Eldin Mahmoud ,
_eSupervisor
700 0 _aYomna Mohamed Farag ,
_eSupervisor
856 _uhttp://172.23.153.220/th.pdf
905 _aNazla
_eRevisor
905 _aSamia
_eCataloger
942 _2ddc
_cTH
999 _c60742
_d60742